LEADER 00749nam0-22002891i-450- 001 990006486450403321 005 20001010 035 $a000648645 035 $aFED01000648645 035 $a(Aleph)000648645FED01 035 $a000648645 100 $a20001010d--------km-y0itay50------ba 101 0 $aita 105 $ay-------001yy 200 1 $aAfrican Societies$fLucy Mair 210 $aLondon$cCambridge University Press$d1974. 215 $aVI, 251 p.$d22 cm 676 $a960 700 1$aMair,$bLucy$f<1901-1986>$0136845 801 0$aIT$bUNINA$gRICA$2UNIMARC 901 $aBK 912 $a990006486450403321 952 $aXIV E 66$b2869$fFSPBC 959 $aFSPBC 996 $aAfrican Societies$9653536 997 $aUNINA DB $aGEN01 LEADER 00786nam0 22002051i 450 001 UON00187315 005 20231205103159.214 100 $a20030730d1964 |0itac50 ba 101 $aeng 102 $aGB 105 $a|||| ||||| 200 1 $aDynamic programming and markov processes$fRonald A. Howard 210 $aCambridge$cThe MIT press$d1964. VIII$d136 p. ; 23 cm. 700 1$aHOWARD$bRonald A.$3UONV109024$00 801 $aIT$bSOL$c20240220$gRICA 899 $aSIBA - SISTEMA BIBLIOTECARIO DI ATENEO$2UONSI 912 $aUON00187315 950 $aSIBA - SISTEMA BIBLIOTECARIO DI ATENEO$dSI V ECON B 0253 $eSI MR 82869 5 0253 996 $aDynamic Programming and Markov Processes$9435766 997 $aUNIOR